000 00407cam a22001337a 4500
008 180718b1962 xxu||||| |||| 00| 0 eng d
082 _aT000x54 B223i
100 _aBanerji, Anjan Kumar
245 _aIndia's third five-year plan and its criticism
_cby Anjan Kumar Banerji
260 _aCalcutta
_bBenson's
_c1962
300 _a56p.
500 _aBound with T000x54/N315
650 _aEconomic Planning - India
999 _c478210
_d478210